000 01060nab a2200301 u 4500
001 14966
003 HDC
007 cr bn ---aaaaa
008 210201b20140410my ||||| |||| 00| 0 may d
040 _aHDC
100 _aHafiz Ithnin,
_eauthor
_97623
245 0 _aMaybank sasar pertumbuhan 11% /
_cHafiz Ithnin
260 _aKuala Lumpur :
_bThe New Straits Times Press (M) Bhd.,
_c2014
300 _a1 online resource
336 _atext
_2rdacontent
337 _acomputer
_2rdamedia
338 _aonline resource
_2rdacarrier
610 _aMalayan Banking Bhd (Maybank)
_915317
650 _aEconomic development project
_zMalaysia
_96036
650 _aFood industry and trade.
_9140
650 _aSmall business
_9208
700 _aWan Ahmad Makki Mashor,
_eauthor
_915313
710 _aHarian Metro,
_eissung body
856 _zRequest full-text at [email protected]
942 _2lcc
942 _cNEWS
942 _kNWSC 003234
999 _c12282
_d12282